| 000 | 00942nam a2200301 4500 | ||
|---|---|---|---|
| 001 | 46288 | ||
| 010 | _a9722514407 | ||
| 021 | _b230915/05 | ||
| 090 | _a46288 | ||
| 100 | _a20061212d2005 m y0pory5003 ba | ||
| 101 | 1 | _apor | |
| 102 | _aPT | ||
| 200 | 1 |
_aOs Ditadores _ea Alemanha de Hitler e a Rússia de Estaline _fRichard Overy _gtrad. Victor Antunes _grev. Lídia Freitas, Maria do Mar Liz |
|
| 205 | _a[1.ª ed.] | ||
| 210 | 9 |
_aLisboa _cBertrand, _d2005 |
|
| 215 |
_a877 p. _cil. _d24 cm |
||
| 304 | _aTít. orig.: The dictators : Hitler's Germany and Stalin's Russia | ||
| 600 | 1 |
_aHitler, _bAdolf, _f1889-1945 |
|
| 600 | 1 |
_aEstaline, _cpseud. |
|
| 675 | _a321.6 | ||
| 675 |
_a32Hitler, Adolf _vBN _zpor |
||
| 675 |
_a32Estaline _vBN _zpor |
||
| 700 | 1 |
_aOvery, _bRichard, _f1947- |
|
| 702 | 1 |
_aAntunes, _bVítor Hugo _4730 |
|
| 702 | 1 |
_aFreitas, _bLídia, _f1965- _4675 |
|
| 702 | 1 |
_aLiz, _bMaria do Mar _4675 |
|
| 801 | 0 |
_aPT _bBN _gRPC |
|
| 990 | _cLIVROS | ||